00977nam a2200277 a 450000100060000000300080000600500170001400800410003102000170007203500190008904000270010804100080013508200260014310000270016924500890019625000120028526000430029730000350034050400370037565000340041265000360044670000300048294200120051299900170052495201580054167071BD-RjUL20211209081619.0170322s2003 nyua b 001 0 eng d a0471211877 : a(BD-RjUL)67202 aDLCcDLCdBD-RjULbeng aeng04a150.724223bKIS 20031 aKing, Bruce M.919866110aStatistical reasoning in psychology and education /cBruce M. King, Edward W. Minium a4th ed. aNew York :bJ. Wiley and Sons,cc2003. axxii, 550 p. :bill. ;c26 cm. aIncludes bibliography and index. 0aExperimental Research9198662 0aEducational statistics.91986631 aMinium, Edward W.9198664 2ddccBK c67071d67071 00102ddc40718NFICaRUCLbRUCLcReadingd2021-12-09eParagon Enterprises, Dhakag110.80l0o150.724 KIS 2003r2017-03-22 00:00:00tC-1w2017-03-22yBK